| 000 | 00986 a2200313 4500 | ||
|---|---|---|---|
| 999 |
_c200128834 _d41103 |
||
| 001 | 200128834 | ||
| 003 | TR-AnTOB | ||
| 005 | 20231130120323.0 | ||
| 008 | 160422s2005 tu 000 0 | ||
| 040 |
_aTR-AnTOB _beng _erda _cTR-AnTOB |
||
| 041 | 0 | _atur | |
| 050 | 0 | 0 |
_aND873.B353 _bB86 2005 |
| 090 |
_aND873.B353 _bB86 2005 |
||
| 100 | 1 |
_aBalamir, Bünyamin, _d1953- _972592 |
|
| 245 | 1 | 0 |
_aBünyamin Balamir : _bsergi kataloğu, 06-26 Nisan 2005. |
| 264 | 1 |
_aAnkara : _bGaleri Soyut, _c2005. |
|
| 300 |
_a44 sayfa : _bresim ; _c30 cm. |
||
| 336 |
_atext _2rdacontent _btxt |
||
| 337 |
_aunmediated _2rdamedia _bn |
||
| 338 |
_avolume _2rdacarrier _bnc |
||
| 650 | 0 | 0 |
_aPhotography _zTurkey _vExhibitions _983562 |
| 650 | 0 | 7 |
_aResim _vSergiler _2etuturkob _937620 |
| 650 | 0 | 0 |
_aPainters, Turkish _987566 |
| 650 | 0 | 0 |
_aRessamlar, Türk _987564 |
| 650 | 0 | 7 |
_aResim, Türk _2etuturkob _960941 |
| 650 | 0 | 0 |
_aPainting, Turkish _918990 |
| 942 |
_cBK _2lcc |
||